000 00708cam a22002533a 4500
001 10423
003 PGUSA
005 20140828083224.0
008 031201s2003||||xxu|||||s|||||000 | eng d
040 _aPGUSA
_beng
042 _adc
050 4 _aM
245 1 0 _aTriplets :
_bFox Trot
_h[electronic resource]
260 _bProject Gutenberg,
_c2003
500 _aRecorded in October of 1919, in New York City.
506 _aPublic domain in the USA.
516 _aElectronic text
653 _aXylophone with orchestra
653 _aFoxtrots
700 1 _aGreen, George Hamilton,
_d1893-1970
830 0 _aProject Gutenberg
_v10423
856 4 0 _uhttp://www.gutenberg.org/ebooks/10423
942 _cEB
999 _c239678
_d239678